Statistiken für Top 15 der betroffenen Covid-19-Länder - 30. März 2022

Klicken Sie hier um das Quiz zu spielen!

Allgemein

  • Dieses Quiz wurde 18 mal gespielt
  • Das Durchschnittsergebnis liegt bei 17 aus 29

Antwortstatistiken

Land% Korrekt
Deutschland
100%
Italien
100%
Spanien
100%
Vereinigte Staaten
100%
Frankreich
94%
Vereinigtes Königreich
88%
Russland
81%
Schweiz
81%
Brasilien
75%
Indien
75%
Niederlande
75%
Niederlande
75%
Österreich
75%
Portugal
75%
Argentinien
69%
Belgien
69%
Dänemark
63%
Türkei
63%
Tschechien
50%
Iran
38%
Südkorea
31%
Estland
25%
Lettland
25%
Litauen
25%
Slowenien
25%
Israel
19%
Georgien
13%
Vietnam
13%
Zypern
0%

Verteilung der Resultate

Perzentil nach korrekt beantworteten Fragen

Anzahl Personen mit jedem Resultat

Ihre Resultats-Entwicklung

Sie haben dieses Quiz noch nicht gespielt